| 000 | 00555cac a22001691u 4500 | ||
|---|---|---|---|
| 090 | _c3866 | ||
| 008 | 081223t xxu||||| |||| 00| 0 eng d | ||
| 010 | _a 93008113 | ||
| 020 | _a0673467872 : | ||
| 082 | 0 | 0 |
_a331 _bEHR |
| 245 | 1 | 0 |
_aModern labor Economics : _bTheory and Public Policy / _cRonald G. Ehrenberg, Robert S. Smith. |
| 250 | _a5th ed. | ||
| 260 |
_aNew York : _bHarperCollins College Publishers, _cc1994. |
||
| 300 |
_axxii, 695 p. : _bill. ; _c24 cm. |
||
| 504 | _aIncludes bibliographical references and indexes. | ||
| 942 |
_cBB _k331EHR _2ddc |
||
| 999 |
_c3866 _d3866 |
||